000 00347nam a2200145Ia 4500
008 230711s9999||||xx |||||||||||||| ||und||
041 _aENG
082 _a4
_bHA-M
100 _aHan George Elias
245 0 _aMega molecules
250 _a1st
260 _c1987
_aNew York
_bSVB Publishers & Distributors Pvt.Ltd
650 _aChemistry
942 _cBK
999 _c369
_d369